حیاۃ الصحابہ (Record no. 553810)

000 -LEADER
fixed length control field 00381nam a22001337a 4500
082 ## - DEWEY DECIMAL CLASSIFICATION NUMBER
Classification number 297.4
Author Mark KAN
100 ## - MAIN ENTRY--PERSONAL NAME
Personal name Kandihlwi, Mulana Muhammad Yousaf
9 (RLIN) 51065
245 ## - TITLE STATEMENT
Title حیاۃ الصحابہ
260 ## - PUBLICATION, DISTRIBUTION, ETC.
Place of publication, distribution, etc. Karachi,
Name of publisher, distributor, etc. Maktab Al Shiekh,
Date of publication, distribution, etc. 2000.
300 ## - PHYSICAL DESCRIPTION
Extent 751p,890p
526 ## - STUDY PROGRAM INFORMATION NOTE
Program name 0
Interest level 0
Reading level 0
Title point value 297_400000000000000_KAN
526 ## - STUDY PROGRAM INFORMATION NOTE
Program name 0
Interest level 0
Reading level 0
Title point value 297_400000000000000_KAN
942 ## - ADDED ENTRY ELEMENTS (KOHA)
Source of classification or shelving scheme
Koha item type Book
Holdings
Withdrawn status Lost status Source of classification or shelving scheme Damaged status Not for loan Permanent Location Current Location Date acquired Total Checkouts Total Renewals Full call number Barcode Date last seen Date last checked out Price effective from Koha item type Public note
          Military College of Engineering (MCE) Military College of Engineering (MCE) 03/31/2017 6 1 297.4 KAN MCE-38M 12/20/2019 12/02/2019 03/31/2017 Book جلد اول
          Military College of Engineering (MCE) Military College of Engineering (MCE) 03/31/2017 1   297.4 KAN MCE-39M 12/19/2019 12/09/2019 03/31/2017 Book جلددوم
© 2023 Central Library, National University of Sciences and Technology. All Rights Reserved.